| 000 | 00500nam a2200169Ia 4500 | ||
|---|---|---|---|
| 005 | 20250923144312.0 | ||
| 008 | 008 250917s9999 xx 000 0 eng d | ||
| 037 | _aTextual | ||
| 040 |
_aDSWL _beng _cDSWL |
||
| 041 |
_aeng _2eng |
||
| 084 |
_aYX,Z33;6-Jp73,N30, N31 _qDSWL |
||
| 245 | 4 |
_aThe care of the aged _cEd.by I.M. Rubinow |
|
| 260 |
_aChicago _bUniversity Press _c1931 |
||
| 300 | _a144 p. | ||
| 942 |
_cTEXL _hYX,Z33;6-Jp73,N30, N31 |
||
| 999 |
_c1437194 _d1437194 |
||